[Event "San Sebastian op 40th"]
[Site "San Sebastian"]
[Date "2017.04.08"]
[Round "1"]
[White "Jauregi Barandiaran, Jon"]
[Black "Radnai, Adam"]
[Result "1-0"]
[WhiteElo "1703"]
[BlackElo "2224"]
[PlyCount "28"]
[EventDate "2017.04.08"]
[EventType "swiss"]
[EventRounds "9"]
[EventCountry "ESP"]
[SourceTitle "CBM 177 Extra"]
[Source "ChessBase"]
[SourceDate "2017.04.27"]
[SourceVersion "1"]
[SourceVersionDate "2017.04.27"]
[SourceQuality "1"]

1. e4 Nf6 2. Nf3 g6 3. b3 Bg7 4. Bb2 0-0 5. d3 d5 6. g3 c5 7. Bg2 d4 8. 0-0 Nc6 9. Nbd2 a5 10. a3 e5 11. Ra2 Be6 12. Qa1 a4 13. Re1 Bd7 14. Ng5 Qc7 1-0

[Event "San Sebastian op 38th"]
[Site "San Sebastian"]
[Date "2015.03.28"]
[Round "1"]
[White "Jauregi Barandiaran, Jon"]
[Black "Lopez de Turiso, Jose Angel"]
[Result "0-1"]
[WhiteElo "1647"]
[BlackElo "2046"]
[PlyCount "72"]
[EventDate "2015.03.28"]
[EventType "swiss"]
[EventRounds "9"]
[EventCountry "ESP"]
[SourceTitle "CBM 165 Extra"]
[Source "ChessBase"]
[SourceDate "2015.04.21"]
[SourceVersion "1"]
[SourceVersionDate "2015.04.21"]
[SourceQuality "1"]

1. e4 e5 2. Nf3 Nc6 3. Bc4 f5 4. d4 fxe4 5. Nxe5 d5 6. Bb5 Qd6 7. Qh5+ g6 8. Nxg6 Qxg6 9. Qe5+ Kf7 10. Qxd5+ Be6 11. Qg5 Qxg5 12. Bxg5 Nxd4 13. Ba4 b5 14. Be3 bxa4 15. Bxd4 Bg7 16. Bxg7 Kxg7 17. Nc3 Nf6 18. 0-0-0 a6 19. b3 Rab8 20. h3 h5 21. Rde1 Bf5 22. Nb1 Kf7 23. Na3 Rhg8 24. Reg1 Be6 25. c4 a5 26. Nc2 Nd7 27. Nd4 Ne5 28. Nxe6 Kxe6 29. Kc2 Rbd8 30. Re1 Kf5 31. Re3 Nf3 32. g4+ hxg4 33. hxg4+ Kf4 34. Rd1 Rxd1 35. Kxd1 Rxg4 36. Ke2 Rg1 0-1

[Event "Euskadi-ch U18"]
[Site "Eibar"]
[Date "2013.04.03"]
[Round "3"]
[White "Hernansanz Lorenzo, Iker"]
[Black "Jauregi Barandiaran, Jon"]
[Result "0-1"]
[WhiteElo "1816"]
[BlackElo "1603"]
[PlyCount "55"]
[EventDate "2013.04.02"]
[EventType "swiss"]
[EventRounds "7"]
[EventCountry "ESP"]
[SourceTitle "EXT 2015"]
[Source "ChessBase"]
[SourceDate "2014.11.20"]
[SourceVersion "1"]
[SourceVersionDate "2014.11.20"]
[SourceQuality "1"]

1. e4 d6 2. d4 Nf6 3. f3 e5 4. Ne2 Be7 5. Be3 0-0 6. Nbc3 Nbd7 7. g4 h6 8. Qd2 Nh7 9. Ng3 Nb6 10. 0-0-0 Bg5 11. Be2 a6 12. Kb1 Bxe3 13. Qxe3 Qg5 14. Qf2 Qf4 15. Nh5 Qg5 16. h4 Qe7 17. Qe3 Re8 18. Rdg1 exd4 19. Qxd4 Qe5 20. Qxe5 dxe5 21. g5 hxg5 22. hxg5 Re6 23. Nd5 Nxd5 24. exd5 Rd6 25. Bd3 g6 26. c4 b6 27. f4 exf4 28. Nxf4 0-1

[Event "ESP-chT U16"]
[Site "Benidorm"]
[Date "2012.12.06"]
[Round "1"]
[White "Jauregi Barandiaran, Jon"]
[Black "Sanchez Canales, Pol"]
[Result "0-1"]
[WhiteElo "1595"]
[BlackElo "1805"]
[PlyCount "74"]
[EventDate "2012.12.06"]
[EventType "team-swiss"]
[EventRounds "6"]
[EventCountry "ESP"]
[SourceTitle "EXT 2022"]
[Source "ChessBase"]
[SourceDate "2021.10.06"]
[SourceVersion "1"]
[SourceVersionDate "2021.10.06"]
[SourceQuality "1"]
[WhiteTeam "Gros Xake Taldea"]
[BlackTeam "Cerdanyola Valles"]
[WhiteTeamCountry "ESP"]
[BlackTeamCountry "ESP"]

1. e4 c5 2. c3 d5 3. exd5 Qxd5 4. d4 cxd4 5. cxd4 Nc6 6. Nf3 Bf5 7. Nc3 Qd6 8. Bd3 Bxd3 9. Qxd3 e6 10. 0-0 Nf6 11. Bg5 Be7 12. Rac1 0-0 13. Rfd1 h6 14. Bh4 Rfd8 15. Bg3 Qd7 16. Ne5 Qxd4 17. Qb5 Qc5 18. Nxc6 Qxc6 19. Qxc6 bxc6 20. Na4 c5 21. h3 Rxd1+ 22. Rxd1 Nd5 23. Rc1 Rc8 24. b3 Nb6 25. Nb2 Rd8 26. Nc4 f6 27. Na5 Rc8 28. Nc4 e5 29. f3 Kf7 30. Bf2 Ke6 31. Kf1 Nd5 32. g3 Nb4 33. a3 Nc6 34. Rc3 Nd4 35. Nd2 f5 36. b4 Nb5 37. Re3 c4 0-1

[Event "Gipuzkoako Jubenil Mailako Txapelketa"]
[Site "Errenteria"]
[Date "2011.12.27"]
[Round "4.2"]
[White "Jauregi Barandiaran, Jon"]
[Black "Vicente Ezeiza, Mikel"]
[Result "0-1"]
[WhiteElo "1564"]
[BlackElo "1616"]
[PlyCount "30"]
[EventDate "2011.12.22"]
[EventType "swiss"]
[EventRounds "5"]
[EventCountry "ESP"]
[SourceTitle "EXT 2024"]
[Source "ChessBase"]
[SourceDate "2023.10.10"]
[SourceVersion "1"]
[SourceVersionDate "2023.10.10"]
[SourceQuality "1"]

1. e4 d5 2. exd5 Qxd5 3. Nc3 Qa5 4. d4 Bf5 5. Bc4 e6 6. Nf3 Nf6 7. Bd2 c6 8. Nd5 Qd8 9. Nxf6+ Qxf6 10. Bb3 Bg4 11. Bg5 Bxf3 12. Qd2 Qf5 13. gxf3 Qxf3 14. Rg1 Nd7 15. Bh4 Qe4+ 0-1

[Event "Gipuzkoako Jubenil Mailako Txapelketa"]
[Site "Errenteria"]
[Date "2011.12.22"]
[Round "1.5"]
[White "Jauregi Barandiaran, Jon"]
[Black "Iglesias Galende, Diego"]
[Result "1-0"]
[WhiteElo "1564"]
[BlackElo "1629"]
[PlyCount "35"]
[EventDate "2011.12.22"]
[EventType "swiss"]
[EventRounds "5"]
[EventCountry "ESP"]
[SourceTitle "EXT 2024"]
[Source "ChessBase"]
[SourceDate "2023.10.10"]
[SourceVersion "1"]
[SourceVersionDate "2023.10.10"]
[SourceQuality "1"]

1. e4 Nc6 2. Nf3 Nf6 3. e5 Ng8 4. d4 d6 5. Be3 f6 6. Bc4 dxe5 7. dxe5 fxe5 8. Qxd8+ Nxd8 9. Nxe5 Ne6 10. 0-0 Nf6 11. Nc3 g5 12. Rad1 Bh6 13. Bb5+ c6 14. Nxc6 bxc6 15. Bxc6+ Nd7 16. Bxa8 Ba6 17. Rfe1 0-0 18. Rxd7 1-0

[Event "Gipuzkoako Banakako Txapelketa"]
[Site "Tolosa"]
[Date "2011.10.16"]
[Round "1.4"]
[White "Jauregi Barandiaran, Jon"]
[Black "Fernandez Zubitur, Asier"]
[Result "1-0"]
[WhiteElo "1676"]
[BlackElo "1627"]
[PlyCount "85"]
[EventDate "2011.10.16"]
[EventType "swiss"]
[EventRounds "5"]
[EventCountry "ESP"]
[SourceTitle "EXT 2024"]
[Source "ChessBase"]
[SourceDate "2023.10.10"]
[SourceVersion "1"]
[SourceVersionDate "2023.10.10"]
[SourceQuality "1"]

1. e4 e5 2. Nf3 Nf6 3. Bc4 Bc5 4. 0-0 0-0 5. d3 Nc6 6. Bg5 h6 7. Bh4 Be7 8. Re1 d6 9. h3 Be6 10. Bxe6 fxe6 11. c3 d5 12. Qb3 Qd7 13. exd5 exd5 14. Nxe5 Nxe5 15. Rxe5 c6 16. Nd2 Rfe8 17. Rae1 Bd6 18. Rxe8+ Rxe8 19. Rxe8+ Qxe8 20. Nf3 Qe6 21. Qxb7 Bc5 22. Qb8+ Kh7 23. Qe5 Qf7 24. Bxf6 gxf6 25. Qf5+ Qg6 26. Qxg6+ Kxg6 27. g4 Bd6 28. Nd4 c5 29. Nb5 Bb8 30. d4 a6 31. Na3 c4 32. Nc2 f5 33. Nb4 fxg4 34. hxg4 Kg5 35. f3 Bf4 36. Nxd5 Bc1 37. b3 cxb3 38. axb3 Bb2 39. Kf2 h5 40. gxh5 Kxh5 41. Ke3 Kh4 42. c4 Bc1+ 43. Ke4 1-0

[Event "Gipuzkoa-ch U18"]
[Site "Donostia"]
[Date "2010.12.27"]
[Round "2.4"]
[White "Jauregi Barandiaran, Jon"]
[Black "Alcaide Rodriguez, Mikel"]
[Result "0-1"]
[WhiteElo "1584"]
[BlackElo "1799"]
[PlyCount "118"]
[EventDate "2010.12.22"]
[EventType "swiss"]
[EventRounds "5"]
[EventCountry "ESP"]
[SourceTitle "EXT 2024"]
[Source "ChessBase"]
[SourceDate "2023.10.10"]
[SourceVersion "1"]
[SourceVersionDate "2023.10.10"]
[SourceQuality "1"]

1. e4 c5 2. c3 d5 3. exd5 Qxd5 4. d4 Nc6 5. Nf3 Bg4 6. Be2 cxd4 7. cxd4 e6 8. 0-0 Nf6 9. Nc3 Qa5 10. Bf4 a6 11. Rc1 Be7 12. Qb3 Bxf3 13. Bxf3 Nxd4 14. Qxb7 Nxf3+ 15. Qxf3 0-0 16. Rfd1 Rfd8 17. Qb7 Qb4 18. Qxb4 Bxb4 19. Bg5 Bxc3 20. bxc3 Rxd1+ 21. Rxd1 Ne4 22. Bf4 Nxc3 23. Rd2 Nd5 24. Bd6 Rc8 25. g3 Rc1+ 26. Kg2 h6 27. Ba3 Ra1 28. Rc2 Rd1 29. Rc6 Rd2 30. Rxa6 Rxa2 31. Ra7 Ne3+ 32. Kf3 Nc4 33. Bc5 Rxa7 34. Bxa7 Ne5+ 35. Kg2 f6 36. Bd4 Nc6 37. Bc3 Kf7 38. f4 e5 39. fxe5 Nxe5 40. h3 h5 41. Bd2 Ke6 42. h4 Kf5 43. Kh3 Ng4 44. Kg2 Ke4 45. Bf4 Ne3+ 46. Kh3 Ng4 47. Kg2 Kf5 48. Kf3 g5 49. hxg5 fxg5 50. Bb8 Ne5+ 51. Kg2 g4 52. Kf2 Nc4 53. Bf4 Ke4 54. Ke2 h4 55. Kf2 h3 56. Kg1 Kf3 57. Kh2 Ne3 58. Kg1 Nf1 59. Bd6 Nxg3 0-1

[Event "Gipuzkoa-ch U16"]
[Site "Donostia"]
[Date "2010.10.17"]
[Round "1.6"]
[White "Jauregi Barandiaran, Jon"]
[Black "Sanchez Merino, Christian"]
[Result "0-1"]
[WhiteElo "1498"]
[BlackElo "1624"]
[PlyCount "42"]
[EventDate "2010.10.17"]
[EventType "swiss"]
[EventRounds "5"]
[EventCountry "ESP"]
[SourceTitle "EXT 2024"]
[Source "ChessBase"]
[SourceDate "2023.10.10"]
[SourceVersion "1"]
[SourceVersionDate "2023.10.10"]
[SourceQuality "1"]

1. e4 c5 2. Nf3 e6 3. c3 Nf6 4. e5 Nd5 5. d4 cxd4 6. cxd4 Bb4+ 7. Bd2 Qa5 8. Qc2 Nc6 9. Bd3 Bxd2+ 10. Qxd2 Qb6 11. Bc4 Ndb4 12. Nc3 Nxd4 13. Nxd4 Qxd4 14. Qxd4 Nc2+ 15. Kf1 Nxd4 16. Rd1 Nc6 17. Re1 a6 18. Ne4 Nxe5 19. Nd6+ Ke7 20. Nf5+ Kf6 21. Nxg7 Nxc4 0-1

[Event "Gipuzkoako-ch U16"]
[Site "Errenteria"]
[Date "2008.11.09"]
[Round "4.6"]
[White "Jauregi Barandiaran, Jon"]
[Black "Baena Salado, Mikel"]
[Result "1-0"]
[WhiteElo "1622"]
[BlackElo "1627"]
[PlyCount "125"]
[EventDate "2008.10.19"]
[EventType "swiss"]
[EventRounds "5"]
[EventCountry "ESP"]
[SourceTitle "EXT 2024"]
[Source "ChessBase"]
[SourceDate "2023.10.10"]
[SourceVersion "1"]
[SourceVersionDate "2023.10.10"]
[SourceQuality "1"]

1. e4 c5 2. Nf3 d6 3. Bc4 Nf6 4. d3 Nbd7 5. 0-0 e6 6. c3 b6 7. Be3 Bb7 8. Nbd2 Be7 9. Qc2 0-0 10. d4 d5 11. exd5 exd5 12. Bb3 c4 13. Ba4 Qc7 14. Bg5 Bc6 15. Bxc6 Qxc6 16. Ne5 Qd6 17. Qf5 Nxe5 18. dxe5 Qe6 19. Qxe6 fxe6 20. exf6 gxf6 21. Bh6 Rfd8 22. Rfe1 Kf7 23. Nf3 e5 24. Nh4 d4 25. Nf5 Bc5 26. Rad1 Kg6 27. g4 b5 28. a3 dxc3 29. Rxd8 Rxd8 30. bxc3 Bxa3 31. Ra1 Bc5 32. h4 Rd3 33. h5+ Kf7 34. Rc1 a5 35. Be3 Ba3 36. Rb1 b4 37. cxb4 axb4 38. Bc5 Rb3 39. Rd1 Rd3 40. Ne3 Rxd1+ 41. Nxd1 c3 42. Nxc3 bxc3 43. Bxa3 Ke6 44. Kf1 Kd5 45. Ke2 Kc4 46. Kd1 Kb3 47. Bc1 Kc4 48. Kc2 Kd4 49. Ba3 e4 50. Be7 Ke5 51. Kxc3 Kf4 52. Bxf6 Kxg4 53. h6 Kf3 54. Bh4 Kg4 55. Bg3 Kf3 56. Kd4 e3 57. fxe3 Kxg3 58. e4 Kf4 59. Kd5 Kg5 60. e5 Kg6 61. e6 Kf6 62. Kd6 Kg6 63. e7 1-0

[Event "Gipuzkoako-ch U16"]
[Site "Errenteria"]
[Date "2008.11.02"]
[Round "3.7"]
[White "Perez Ibanez, Daniel"]
[Black "Jauregi Barandiaran, Jon"]
[Result "1/2-1/2"]
[WhiteElo "1411"]
[BlackElo "1622"]
[PlyCount "130"]
[EventDate "2008.10.19"]
[EventType "swiss"]
[EventRounds "5"]
[EventCountry "ESP"]
[SourceTitle "EXT 2024"]
[Source "ChessBase"]
[SourceDate "2023.10.10"]
[SourceVersion "1"]
[SourceVersionDate "2023.10.10"]
[SourceQuality "1"]

1. e4 c5 2. Nf3 Nc6 3. Bc4 b6 4. Ng5 e6 5. 0-0 Qxg5 6. d4 Qf6 7. dxc5 bxc5 8. Nc3 Bb7 9. Nb5 Qd8 10. Bf4 Rc8 11. Bd6 a6 12. Bxf8 axb5 13. Bxg7 bxc4 14. Bxh8 Ba6 15. c3 Qb6 16. Qg4 Nge7 17. Bf6 Ng6 18. Qh5 Nf8 19. Qh6 Qxb2 20. Qg7 Ne7 21. Qh8 Qe2 22. Rae1 Qxa2 23. f4 Qc2 24. f5 d6 25. Qg7 Bb7 26. fxe6 Nxe6 27. Bxe7 Nxg7 28. Bxd6 Bxe4 29. Rf2 Qd3 30. Bf4 Ne6 31. Bg3 Rb8 32. Bxb8 Ng5 33. Rfe2 Kf8 34. h4 Nf3+ 35. gxf3 Bxf3 36. Re3 Qf5 37. Rf1 Qg4+ 38. Kf2 Qg2+ 39. Ke1 Bg4 40. Bd6+ Kg8 41. Re8+ Kg7 42. Be5+ Kg6 43. Rg8+ Kh5 44. Rf2 Qe4+ 45. Kd2 Qxe5 46. Rg5+ Qxg5+ 47. hxg5 Kxg5 48. Rxf7 h5 49. Rc7 h4 50. Rxc5+ Kf4 51. Rxc4+ Kg3 52. Ra4 h3 53. Ra1 Bf3 54. c4 Bg2 55. Kd3 Kf2 56. Kd4 Bf1 57. Ra2+ Kg1 58. c5 Bg2 59. Ra1+ Kf2 60. Ra2+ Kg3 61. c6 Bxc6 62. Ra3+ Bf3 63. Ra2 Bg2 64. Ra3+ Kh2 65. Rxh3+ Bxh3 1/2-1/2